Kira moriko koremade to korekara : kenchiku o sagashite /

吉良森子これまでとこれから : 建築をさがして /
Bibliographic Details
Main Author: Kira, Moriko
Format: Book
Language:Japanese
English
Language Notes:In Japanese and English.
Published: 880-03 Tōkyō : LIXIL Publishing, 2013.
Series:Contemporary architect's concept series ; 14.
Subjects:
Online Access:Japanese record available for display

MARC

Tag First Indicator Second Indicator Subfields
LEADER 00000cam a2200000Ii 4500
001 in00003484313
005 20151206095136.0
008 130311s2013 ja a 000 0 jpn d
020 |a 9784864800044 
020 |a 4864800049 
035 |a (OCoLC)ocn829658794 
040 |a TRCLS  |e rda  |c TRCLS  |d HUA  |d YUS  |d YDX  |d UtOrBLW 
041 0 |a jpn  |a eng 
043 |a e-ne---  |a a-ja--- 
049 |a TXAM 
050 4 |a NA1559.K573  |b A4 2013 
100 1 |6 880-01  |a Kira, Moriko. 
245 1 0 |6 880-02  |a Kira moriko koremade to korekara :  |b kenchiku o sagashite /  |c chosha Kira Moriko = Kira Moriko : finding architecture. 
246 3 1 |a Kira Moriko :  |b finding architecture 
246 3 0 |a Finding architecture 
264 1 |a 880-03  |a Tōkyō :  |b LIXIL Publishing,  |c 2013. 
300 |a 175 pages :  |b color illustrations ;  |c 21 cm. 
336 |a text  |b txt  |2 rdacontent 
337 |a unmediated  |b n  |2 rdamedia 
338 |a volume  |b nc  |2 rdacarrier 
490 1 |6 880-04  |a Gendai kenchikuka konseputo shirīzu ;  |v 14 =  |a Contemporary architect's concept series ;  |v 14 
546 |a In Japanese and English. 
600 1 0 |6 880-05  |a Kira, Moriko. 
650 0 |a Architecture  |z Netherlands  |y 21st century. 
650 0 |a Architecture  |z Japan  |y 21st century. 
650 0 |a Architecture, Modern  |y 21st century. 
830 0 |a Contemporary architect's concept series ;  |v 14. 
856 4 |u http://www.bookportal.jp/trcno/13011840/?partnerid=oclc&siteid=oclc  |z Japanese record available for display  |t 0 
880 1 |6 100-01/$1  |a 吉良森子. 
880 1 0 |6 245-02/$1  |a 吉良森子これまでとこれから :  |b 建築をさがして /  |c 著者吉良森子 = Kira Moriko : finding architecture. 
880 1 |6 264-03/$1  |a 東京 :  |b LIXIL出版,  |c 2013. 
880 1 |6 490-04/$1  |a 現代建築家コンセプト・シリーズ ;  |v 14 =  |a Contemporary architect's concept series ;  |v 14 
880 |6 500-00/$1  |a 英文併記 
880 1 4 |6 600-05/$1  |a 吉良森子. 
945 |a PromptCat  |b 683260 
946 |a stk 
947 |a A14840700265 
948 |a cataloged  |b h  |c 2014/5/12  |d c  |e dmitchel  |f 11:44:26 am 
994 |a 92  |b TXA 
999 |a MARS 
999 f f |s 481bddf1-aa4d-3c93-9ddb-96347dc44639  |i 934739ce-f952-34f8-9332-82508398ffd7  |t 0 
952 f f |p ric  |a Texas A&M University  |b Rellis Campus  |c Joint Library Facility  |d Remote Storage  |t 0  |e NA1559.K573 A4 2013  |h Library of Congress classification  |i unmediated -- volume  |m A14840700265 
998 f f |a NA1559.K573 A4 2013  |t 0  |l Remote Storage